000 00778cam a2200217 a 4500
001 000013001
005 20260205113239.0
008 840911s1943 ag a 001 0 spa
040 _aDO-SdBNP
_bspa
_cLC
_dBNPHU
082 _a364
_bB644t
100 1 _aBlasco y Fernández de Moreda, Francisco.
_929971
245 1 0 _aTomas Moro, criminalista (su ideario político-penal) /
_cFrancisco Blasco y Fernández de Moreda ; prólogo Luis Jiménez de Asúa.
260 _aBuenos Aires :
_bLa Ley,
_c1943.
300 _a155 p. ;
_c19 cm.
600 1 0 _aMORE, THOMAS,
_cSIR, SAINT,
_d1478-1535.
_929972
650 0 _aCriminología
_917089
650 0 _aDerecho penal
_917405
700 1 _aJiménez de Asúa, Luis,
_epról.
_929973
910 _aCatalogación por copia / LC
049 _aBNGR
999 _c12648
_d12648